000 01014nam a22003017a 4500
003 CHAP
005 20230518130751.0
007 ta
008 230517s1970 mx ado|fr|||| 001 0 spa d
040 _amxchpua
_cCHAP
_erda
050 1 0 _aQD251.2
_b.S65 1970
082 0 0 _a547
_bS65 1970
_220
100 1 _9107066
_aSmith, L. Oliver, Jr.
_eautor
240 1 0 _aOrganic Chemistry.
_lEspañol
245 1 0 _aQuímica orgánica /
_cL. Oliver Smith, Jr. y Stanley J. Cristol ; traductor Xorge A. Domínguez
250 _a1a edición
264 _aMéxico :
_bReverte Mexicana,
_c1970
300 _a2 tomos :
_bilustraciones, tablas, gráficas, fotos
336 _2rdacontent
_atexto
_btxt
337 _2rdamedia
_asin medio
_bn
338 _2rdacarrier
_avolumen
_bnc
504 _aIncluye bibliografías
650 1 3 _993598
_aQuímica orgánica
650 1 3 _9157764
_aChemistry, Organic
700 1 _928993
_aCristol, Stanley J.
_eautor
700 1 _9140153
_aDomínguez, Xorge A.
_etraductor
942 _2ddc
_cLibro
999 _c218773
_d218773